[Event "Norway Chess 3rd"]
[Site "Stavanger"]
[Date "2015.06.16"]
[Round "1"]
[White "Nakamura, Hikaru"]
[Black "Hammer, Jon Ludvig"]
[Result "1-0"]
[WhiteElo "2802"]
[BlackElo "2677"]
[Annotator "Sagar Shah"]
[PlyCount "105"]
[EventDate "2015.06.16"]
[EventType "tourn"]
[EventRounds "9"]
[EventCountry "NOR"]
[EventCategory "22"]
[SourceTitle "CBM 167"]
[Source "ChessBase"]
[SourceDate "2015.07.13"]
[SourceVersion "1"]
[SourceVersionDate "2015.07.13"]
[SourceQuality "1"]

1. c4 {In Stavanger, it seemed as if it was a compulsion to begin with 1.c4 if
you faced Jon Ludvig Hammer with the white pieces. Anand, Aronian, Grischuk
and Nakamura all opened with 1.c4.} e5 2. g3 Nf6 3. Bg2 d5 4. cxd5 Nxd5 5. Nf3
$5 {This move in itself is not so weird but Nakamura has a new idea up his
sleeve.} (5. Nc3 {is the more usual way to play.} Nb6 6. Nf3 Nc6 7. O-O Be7 {
is the main line.}) 5... Nc6 (5... e4 {is of course, an elementary pawn
blunder.} 6. Qa4+ $16) 6. O-O Nb6 {Hammer prevents the central break of d2-d4.}
(6... e4 {looks tempting but in this case you just over-extend your e-pawn
which can be exchanged by d2-d3.} 7. Ne1 f5 (7... Bf5 8. d3 exd3 $2 9. e4 $18)
8. d3 $14 {Black's centre falls apart.}) (6... Be7 {can be met with the direct}
7. d4 e4 8. Ne5 $14) 7. b3 Be7 (7... e4 8. Ne1 $14 {later on followed by Bb2
and d2-d3 is completely fine for White.}) 8. Bb2 f6 {A solid chain of pawns
has been erected against the b2-bishop. In order to make sense of this setup,
White must break with d4 now.} 9. d4 e4 (9... exd4 10. Nxd4 $14 {is already
quite a pleasant edge for White. The pawn on f6 looks pretty silly.}) 10. Ne1
f5 {White is ahead in development and it is absolutely imperative for him to
destroy the e4- and f5-pawns.} 11. f3 $1 ({Not taking the break with f2-f3
would give Black a very comfortable position after} 11. Nc2 O-O 12. Nc3 Be6 13.
e3 Nb4 $11 {½-½ (24) Rukavina,J (2418)-Palac,M (2543) Zuerich 2004}) 11...
exf3 12. Nxf3 {White has the pawns in the centre but there are also a lot of
weaknesses in his position. Black can blockade on the d5-square thanks to his
f5-pawn which prevents White from going e4.} Nd5 13. Qd3 (13. Qd2 {was also
possible but Nakamura would like to leave that square free for his b1-knight.})
13... O-O 14. e3 Be6 15. a3 {Preventing Nb4 possibilities in the future.} Qd7
16. Nbd2 {This is the ideal square for the knight to develop. It can go to c4.
Also after b4 it has a nice square on b3 like in the game.} (16. Nc3 Nxc3 17.
Qxc3 Bd5 $11 {Black has a comfortable position.}) 16... Rad8 17. Rac1 {At the
post-game conference, Nakamura said that this was not his prepared move but he
played it because Jon Ludvig Hammer was playing just so fast. And this was
very surprising for Nakamura because the line with Nf3 and b3 in this English
setup is quite rare and it was almost impossible for Hammer to have expected
the American player to go for this line as White. Yet, the Norwegian was
prepared and blitzing out his moves. This really unsettled the Nakamura and as
he said after the game, made him angry.} Nb6 18. b4 a6 19. Nb3 Na4 20. Ba1 Bd5
21. Nbd2 (21. Nc5 {looks like a natural move but not so good.} Nxc5 22. dxc5 (
22. bxc5 Qe6 $15) 22... Qe6 {and even the opening of the a1-bishop doesn't
compensate for the firm control that Black has on this position.} 23. Nd4 Nxd4
24. Bxd4 Bxg2 25. Kxg2 Rd5 $15) (21. Na5 $5 {was a very interesting option.
White accepts doubled pawns in order to gain control of the e5 square. Here
are some interesting lines.} Nxa5 22. bxa5 {Black must remain careful as his
a4 knight has no good squares to go to.} Qd6 (22... Bd6 $2 23. Nh4 $1 Bxg2 24.
Kxg2 g6 25. Qb3+ Kg7 26. Qxb7 $16) (22... c5 $5 23. Ne5 Qe6 24. Bxd5 Rxd5 25.
Qc4 {The knight on a4 is in trouble but Black has things under control.} Bg5 $1
26. Rfe1 b5 27. axb6 Nxb6 28. Qxa6 {White has an extra pawn but Black is close
to equality.} f4 $1 $11) 23. Ne1 g6 24. Bxd5+ Qxd5 25. Rxc7 Bd6 $44) 21... Qe6
22. Rfe1 Nb6 23. e4 {Though the position is just equal, Nakamura was happy at
this point as he would take on e4 with his knight and then later plonk his
other knight on to the e5-square.} fxe4 24. Nxe4 Qg6 (24... Qf5 25. Ne5 {
is similar to the game.}) 25. Qe2 Rfe8 {The commentators, Jan Gustaffson and
Dirk Jan Ten Guezendam felt that with the move Qg6 and Rfe8 Black was losing
the thread of the game. But in my opinion, it is quite difficult to suggest a
clear path of play for Black. He is well placed but without any real plan to
improve his position. That being said, White will undertake something and
Black will get his play. But till that point he should not spoil the
co-ordination of his pieces. To sit and do nothing is very difficult for human
beings.} (25... Nc8 {with the idea of Nd6 is met with} 26. Nc5 $1 Bxc5 27. dxc5
$14) 26. Ne5 Nxe5 27. dxe5 {White is comfortable here but Black also has his
trumps. The position should be around equal. The problem was the Jon Ludvig
Hammer thought that he had been substantially better leading up to this
position. That is the reason why he somehow lost his objectivity in the next
few moves.} c6 28. Bd4 Nd7 29. Bf3 {White threatens to play Bh5.} Rf8 30. Bh5
Qh6 (30... Qe6 31. Bg4 Qg6 32. e6 $1 {would be quite a difficult position for
Black to handle.} Nf6 33. Nxf6+ Bxf6 34. Bc5 $16) 31. Be3 {At this point
Nakamura spent most of time calculating the consequences of the move ...g5.
But Hammer immediately played Qe6.} Qe6 (31... g5 $5 {was a very interesting
choice. In the post game conference Nakamura felt that Nxg5 was an interesting
move but he missed a very nice defensive idea for Black.} 32. Nxg5 $2 (32. Nf2
$5 {was the other move that Nakamura considered.} Nxe5 33. Bb6 Rd7 $13) 32...
Bxg5 33. Qg4 Rf5 $3 {The move that Nakamura missed.} (33... Nxe5 34. Qxg5+ Qxg5
35. Bxg5 Nd3 $11 {is dynamically balanced.}) (33... Bf3 34. Qxg5+ Qxg5 35. Bxg5
Bxh5 36. e6 $1 $18 {is just winning.}) 34. Qxf5 Bxe3+ 35. Kf1 Rf8 $19) 32. Bf4
a5 $6 (32... Qf5 $5 {was a much better move when according to Nakamura it is
very difficult for White to improve his position and most probably he would
have to repeat with Bg4-h5.} 33. Bg4 Qg6 34. Bh5 (34. Nd6 $2 Rxf4 $1 35. gxf4
Bxd6 36. exd6 Nf6 37. h3 h5 $19) 34... Qf5 35. Bg4 Qg6 36. Bh5 $11) 33. Ng5 $1
{Now White has a strong initiative.} Qf5 (33... Bxg5 34. Bxg5 Rde8 35. Bg4 Qxe5
36. Qd2 $14) 34. Bg4 Qg6 35. Bh5 {Nakamura repeats moves in order to gain time
on the clock.} Qf5 36. e6 $1 Nf6 (36... axb4 $5 {A very computer like solution
to come out of the mess.} 37. exd7 Bxg5 38. Bg4 Qg6 39. Bxg5 Qxg5 40. axb4 h5
41. Bh3 h4 $14 {The computer assesses this position in White's favour but
practically Black has decent counterplay.}) (36... Bxg5 37. Bxg5 Qxg5 38. e7
$16) 37. Bf7+ Kh8 38. Rf1 {The position is crazily complicated and impossible
for humans to play accurately. Funnily enough there was a way for Black to
avoid getting into a bad position. We must first try to understand what is
White's threat. If you look closely you will understand that the only threat
that White has is BPd6 uncovering an attack on the queen.} Ne4 $6 {The
critical mistake. After this Nakamura finishes off the game to perfection.} (
38... Bb3 $1 {Why is a random move like this the best one in the position? The
logic is simple. White would like to play Bd6 and uncover an attack on the
queen. After we take Qxg5, Bxe7 is a fork but if the bishop did not stand on
d5 then Rd2 can be played to attack the white queen. It is with this logic
that moving the d5 bishop is the best move. And b3 is the only available
square.} 39. Bd6 Qxg5 40. Bxe7 Rd2 $11 {and Black is right in the game, not
even a bit worse.}) 39. Nxe4 (39. g4 $4 {would be met with} Nxg5 $1 40. gxf5
Nh3# {A pretty mate!}) 39... Qxe4 (39... Bxe4 $2 40. Bd6 $1 $18) 40. Qxe4 Bxe4
41. Be3 axb4 $2 {This surprisingly turns out to be a blunder. Black had some
other possibilities but all of them lead to a nearly lost position.} (41... Rc8
42. Bc5 Rc7 43. Bb6 (43. bxa5 Bxc5+ 44. Rxc5 Re7 {is not so clear.} (44... Bg6
$6 45. Bxg6 Rxf1+ 46. Kxf1 hxg6 47. Re5 Re7 48. Ke2 $18 {[%cal Ge2d3,Gd3c4,
Gc4c5,Gc5b6]})) 43... Rcc8 44. Bxa5 $16 {and White is up a pawn without any
real compensation.}) 42. Bc5 {Suddenly the blockader of the e7-square is
removed and the game ends in a hurry.} Rd2 (42... Bxc5+ 43. Rxc5 $18) 43. Rfe1
(43. Bxe7 $2 Rg2+ 44. Kh1 Rxg3+ 45. Rf3 Bxf3#) (43. Rf2 $2 Bxc5 44. Rxc5 Rd1+
45. Rf1 Rxf1+ 46. Kxf1 b3 $1 $19) 43... Bxc5+ 44. Rxc5 Rg2+ 45. Kf1 {e7 is
coming up and Black is completely lost.} b3 46. Rxe4 b2 47. Re1 Rxh2 48. Rce5
Rh1+ 49. Kg2 b1=Q 50. Rxb1 Rxb1 51. e7 Ra8 52. e8=R+ Rxe8 53. Rxe8# {A tense
and interesting game. Nakamura tried a new opening idea that was effectively
countered by Hammer. The position was always close to equal but the Norwegian
felt that he should be better somewhere. Due to this he played ambitiously and
drifted into a worse position when Nakamura's technique was near to flawless.}
1-0

[Event "Bourgoin Jallieu GM"]
[Site "Bourgoin Jallieu"]
[Date "1982.06.29"]
[Round "12"]
[White "Spiridonov, Nikola"]
[Black "Stoica, Valentin"]
[Result "0-1"]
[WhiteElo "2440"]
[BlackElo "2450"]
[Annotator "Stoica,V/Primel,D"]
[PlyCount "74"]
[EventDate "1982.06.18"]
[EventType "tourn"]
[EventRounds "13"]
[EventCountry "FRA"]
[EventCategory "7"]
[SourceTitle "EXT 2016"]
[Source "ChessBase"]
[SourceDate "2015.10.08"]
[SourceVersion "1"]
[SourceVersionDate "2015.10.08"]
[SourceQuality "1"]

1. g3 Nf6 2. Bg2 e5 3. c4 Nc6 4. d3 (4. Nc3 {La grande ligne}) 4... Bb4+ 5. Nd2
a5 6. Ngf3 O-O 7. O-O d6 8. a3 Bc5 9. b3 h6 10. Bb2 Bf5 $11 {La position
Blanche n'est pas trés active mais les chances sont réciproques} 11. Qc2 Qe7
12. Bc3 $1 {[%cal Gc2b2,Gb3b4] Stoica,V} Ra6 {Un plan surprenant mais
peut-être un peu trop sophistiqué} 13. Qb2 Rfa8 $13 {Décourage la poussée
b4 mais les R Noires manquent un peu d'activité} 14. d4 $1 {[%csl Ra6,Ra8]}
exd4 15. Nxd4 Nxd4 16. Bxd4 Bxd4 17. Qxd4 $14 {[%csl Ra6,Ra8,Rb7,Gg2]} Rb6 {
La suite logique de la manoeuvre Ra8a6 mais ce plan ne parait pas trés sain}
18. e4 Bd7 19. Rfe1 c5 $5 {Le Nd2 est mal placé pour exploiter la case "d5"}
20. Qd3 a4 $132 {Les Noirs vont finir par activer la Rb6} 21. b4 $1 cxb4 22.
axb4 Rxb4 23. Qa3 Rb6 24. e5 $44 {[%cal Ga3e7]} Ng4 25. h3 $1 Nxe5 26. f4 {
[%cal Ge1e7] "Spirou" pensait problement être gagnant à ce moment mais les
Noirs vont trouver une belle réponse} Ra5 $1 27. Kh2 $5 (27. Bd5 {[%cal Gf4e5]
} Qd8 28. fxe5 Bxh3 29. Qc3 (29. Qe3 $13)) 27... Qf6 28. fxe5 (28. c5 $5 Rxc5
29. Ne4 Qg6 {Stoica}) 28... Rxe5 29. Rxe5 Qxe5 30. Nf3 $6 (30. Ra2 $13) 30...
Qe2 31. Ra2 Qxc4 32. Rd2 Qb3 $1 33. Qxb3 axb3 34. Rb2 {[%csl Rb2,Gb6][%cal
Gd7f5,Gf5c2]} Rb4 (34... Bf5 35. Nd2 Bc2 {[%csl Rb2,Gb3]}) 35. Nd2 Be6 36. Ne4
$2 Ra4 (36... Rc4 37. Nxd6 Rc2) 37. Nxd6 (37. Rd2 Ra2 38. Rxd6 b2 39. Nc3)
37... Ra2 0-1

[Event "EU-Cup 27th"]
[Site "Rogaska Slatina"]
[Date "2011.09.29"]
[Round "5"]
[White "Vitiugov, Nikita"]
[Black "Motylev, Alexander"]
[Result "1-0"]
[WhiteElo "2726"]
[BlackElo "2690"]
[Annotator "Vitiugov,N"]
[PlyCount "111"]
[EventDate "2011.09.25"]
[EventType "team-swiss"]
[EventRounds "7"]
[EventCountry "SLO"]
[SourceTitle "CBM 145"]
[Source "ChessBase"]
[SourceDate "2011.11.11"]
[SourceVersion "1"]
[SourceVersionDate "2011.11.11"]
[SourceQuality "1"]
[WhiteTeam "St Petersburg"]
[BlackTeam "Tomsk 400"]
[WhiteTeamCountry "RUS"]
[BlackTeamCountry "RUS"]

1. c4 {My opponent is a very famous expert in the Slav Defence, so I decided
to play another kind of position.} e5 2. g3 Nf6 3. Bg2 d5 4. cxd5 Nxd5 5. Nf3
Nc6 6. O-O Be7 7. d4 e4 8. Ne5 f5 9. Nxc6 bxc6 10. Nd2 {To use fresh ideas
from elsewhere is a big pleasure - in the previous round Wang Hao defeated
Rublevsky with this move.} O-O 11. Nb3 Bd6 $1 {Strong novelty.} ({Sergey
played too optimistically:} 11... Qd6 $6 12. Qc2 Qg6 13. Bd2 f4 14. Rfc1 Rf6
15. Na5 $1 f3 16. exf3 exf3 17. Qxg6 hxg6 18. Bf1 Bd7 19. a3 Re8 20. b4 Bf8 21.
Bg5 Rf5 22. h4 $18 {Wang Hao-Rublevsky, Rogaska Slatina 2011}) 12. Bd2 Qe8 13.
e3 $6 {White wants to play long game.} (13. Rc1 f4 $1 (13... e3 14. fxe3 Nxe3
15. Bxe3 Qxe3+ 16. Rf2 $14)) ({The most principled move is} 13. Qc2 e3 14. fxe3
Nxe3 15. Bxe3 Qxe3+ 16. Rf2 (16. Kh1 Bd7) 16... f4 17. Qc1 Be6 $5 {and
probably, Black holds. For example} 18. Qxe3 fxe3 19. Rxf8+ Rxf8 20. Bxc6 Rf2
21. Bf3 Bc4 22. Rf1 Rxf1+ 23. Kxf1 Bxb3 $11) 13... Be6 (13... Ba6 $5 {was more
active:} 14. Re1 Rb8 15. Rc1 Kh8 {and in my opinion, Black is a little bit
better.}) 14. Rc1 Ne7 15. Na5 Bd5 16. b3 $6 {Too slow.} (16. Nc4) 16... Rf6 17.
Qe2 h5 $1 18. h4 $2 {I thought 20 minutes about this move. Of course, it looks
very dangerous for White, but I didn't see how Black could take advabntage of
it.} ({The correct way is} 18. f4 exf3 19. Bxf3 h4 20. gxh4 {with a
complicated position.}) 18... Qg6 {The answer was very easy - ...Qg6-h6 and
then ...g5 with a strong attack.} 19. Nc4 Re8 $2 (19... Qh6 $1 {and White had
to play} 20. Nxd6 cxd6 21. f4 a5 $15 (21... exf3 22. Bxf3 $11)) 20. Ne5 {
Now the situation changes.} Bxe5 (20... Qh7 21. f4 exf3 22. Bxf3 $36) 21. dxe5
Re6 22. Bc3 (22. Ba5 $2 Qh6 23. Bxc7 g5 $40) 22... Qh6 23. f4 exf3 24. Bxf3 Rg6
25. Kh2 Bxf3 {Unfortunately, Black has to exchange his strong bishop.} (25...
Rg4 $6 26. Bxg4 hxg4 27. Kg1 g5 28. e4 Bxe4 29. Bd2 $16) 26. Rxf3 Rg4 27. Qd3
g5 $6 {Trying to find counterplay.} (27... Qe6 28. Bd4 $14) 28. Qd7 Qg6 29.
hxg5 h4 30. Be1 hxg3+ (30... Rxg5 $6 31. Rc4 hxg3+ 32. Bxg3 $16) 31. Bxg3 ({
The alternative was} 31. Rxg3 $6 Rh4+ 32. Kg2 f4 33. exf4 Rxf4 {with some
chances for Black.}) 31... Kf7 (31... Rxg5 32. Rc4 Kf7 33. Rh4 $16) 32. Rcf1 ({
After} 32. Rc4 {Black has a check:} Rh8+ $1 33. Kg2 {and then} Rxg5) 32... Rh8+
33. Kg2 Rxg5 34. e4 Rhh5 35. exf5 $2 $138 {Stupid mistake, after which the
position became drawish very soon.} ({Of course, I saw the correct} 35. Qxc7
Qh7 {and here I forgot about} 36. Rxf5+ $1 Rxf5 37. exf5 Rxf5 38. e6+ $18)
35... Rxf5 36. Qxc7 Qg4 37. Rxf5+ Rxf5 38. Rxf5+ (38. e6+ Kg6 39. Qxe7 Qe2+ 40.
Rf2 Qe4+ 41. Kf1 Qb1+ $11) 38... Qxf5 39. Qxa7 Qe4+ 40. Kh2 Qh7+ {The score in
the match was equal, and we had two excellent positions, except mine, so I
didn't worry too much about the result of my game. It was depending on Alex's
play, not mine.} 41. Kg1 Qb1+ 42. Kf2 Qf5+ 43. Ke1 Qb1+ 44. Ke2 Ke6 $6 ({
The easiest way was the most strong} 44... Qc2+ 45. Kf3 Qf5+ 46. Ke3 Qg5+ 47.
Kf2 Qf5+ 48. Ke1 Qb1+ 49. Kd2 Qb2+ 50. Ke3 Qc3+ {etc.}) 45. Qa6 $1 Qe4+ 46. Kf2
Qd4+ 47. Kg2 Qd5+ 48. Kh2 Qd2+ 49. Kh3 Qh6+ 50. Kg4 Qg6+ 51. Kf3 Qf5+ 52. Ke3
Nd5+ $2 ({During the game, I guessed the endgame after} 52... Qg4 53. Qc4+ (53.
Kf2 Qd4+ $11) 53... Nd5+ 54. Kf2 Qxc4 55. bxc4 {is winning for me, but really
it is drawn:} Nc3 56. a3 (56. Ke3 Nxa2 57. Kd4 Nc1 58. Kc5 Kd7 $11) 56... Ne4+
$1 57. Kg2 Nd2 58. c5 Nc4 59. a4 Kd5 60. Kf3 Nxe5+ 61. Bxe5 Kxc5 $11) 53. Kd4
Qg4+ $2 $138 ({It looks impossible, but even here Black had very good chances
for a draw:} 53... Qc2 54. Qc8+ Kf7 55. e6+ Kg6 56. Qg8+ Kh5 {and to make
progress for White is quite difficult. For example} 57. Ke5 Qc3+ 58. Kd6 Qb4+
$11) 54. Kc5 $18 Qb4+ 55. Kxc6 Qe7 56. Qc8+ 1-0

[Event "Tata Steel-A 81st"]
[Site "Wijk aan Zee"]
[Date "2019.01.19"]
[Round "7"]
[White "Shankland, Samuel L"]
[Black "Van Foreest, Jorden"]
[Result "1-0"]
[WhiteElo "2725"]
[BlackElo "2612"]
[Annotator "Yermolinsky,A"]
[PlyCount "103"]
[EventDate "2019.01.12"]
[EventType "tourn"]
[EventRounds "13"]
[EventCountry "NED"]
[EventCategory "21"]
[SourceTitle "CBM 188"]
[Source "ChessBase"]
[SourceDate "2018.12.21"]
[SourceVersion "1"]
[SourceVersionDate "2018.12.21"]
[SourceQuality "1"]

1. c4 e5 2. d3 Nf6 3. Nf3 Nc6 4. a3 d5 5. cxd5 Nxd5 6. e3 a5 7. Be2 Bd6 8. b3
O-O 9. Bb2 f5 10. Nbd2 Qe7 11. Qc2 Bd7 12. g3 Kh8 13. O-O Rae8 14. Rfe1 {
[#] A reversed Sicilian. The stage is set, and Jorden takes a first step
forward.} e4 $1 15. Nd4 (15. Nh4 Be5 (15... f4 16. Nxe4 fxe3 17. fxe3 Nxe3 18.
Qc1) 16. dxe4 ({The immediate} 16. Ng2 {runs into a tactic based on an
overloaded white queen:} exd3 17. Bxd3 Ndb4) 16... fxe4 17. Ng2) 15... Nxd4 {
Too bad he stopped halfway through.} (15... f4 $3 {[#] would be consistent and
strong.} 16. exf4 (16. dxe4 fxe3 {Nothing to look at here.}) (16. gxf4 Nxf4 17.
exf4 Bxf4 18. Nf1 Bxh2+ 19. Nxh2 Qg5+ 20. Kh1 Rxf2 {is curtains.}) (16. Nxe4
fxe3 17. fxe3 (17. f4 {appears to be White's best choice, but it doesn't
inspire confidence.}) 17... Nxe3 18. Qc1 Nxd4 19. Bxd4 Nf5 {is a critical
tempo illustrating the difference between 15.Nd4 and 15.Nh4}) 16... e3 17. Ne4
exf2+ 18. Kxf2 Bxf4 {with a raging attack.}) 16. Bxd4 exd3 17. Qxd3 Bxa3 18.
Bf3 $1 {White has good compensation for a pawn.} Nb4 (18... Nf6 19. Bxb7 Bb4 {
was a safer option for van Foreest.}) 19. Qc3 Nc6 20. Bxg7+ {Sam takes the
game into an endgame, counting on the strength on his kingside pawn formation.}
(20. Rxa3 Nxd4 21. Rxa5 Nxf3+ 22. Nxf3 c6 $11) 20... Qxg7 21. Qxg7+ Kxg7 22.
Rxa3 {[#]} f4 {A logical move, getting rid of a weak pawn.} 23. Be4 (23. Bxc6
fxe3 24. Rxe3 Rxe3 25. fxe3 Bxc6 26. Rxa5 Rd8 {has to be OK for Black.}) 23...
fxe3 24. Rxe3 Rf6 25. Ra1 Bf5 26. Rc1 Bxe4 27. Rxe4 Rxe4 28. Nxe4 Rf5 29. Kg2 {
[#] By all rules this position has to be about equal, but Jorden makes a
typical error on his next move.} Kf7 {Contrary to common wisdom one has to
respect the tactical potential of the remaining pieces. Bringing the king into
the mix is not always a good idea with rooks and knights still present on the
board.} (29... Rb5 30. Rc3 Kg6 31. f4 Rb4 $11) 30. Nc5 $16 Nb4 $6 {Time
trouble induced simplification only makes White's task easier.} (30... b6 31.
Ne4) ({Best was} 30... Nd4 31. Nxb7 Nxb3 32. Rxc7+ Kg6 33. Nd6 Rf6 34. Nc4 Ra6)
(30... Nd8 31. Nxb7) 31. Nxb7 Rxf2+ 32. Kxf2 Nd3+ 33. Ke3 Nxc1 34. Nxa5 Ke6 35.
g4 $2 {[#] Shankland who earlier in the tournament had missed a knight endgame
win against Rapport, almost let it happen again.} ({Whatever happened to good
old centralisation?} 35. Ke4) 35... Na2 $2 {This one is pretty hard to
comprehend.} (35... Ke5 36. h4 c5 $14) 36. Kd4 Nb4 37. h4 Nd5 38. Nc4 Nf4 39.
Ne3 Ng6 ({The defender has to keep his knight active:} 39... Ne2+ 40. Ke4 c5
41. Nc4 Nc3+ 42. Kf4 h6 $16) 40. Nf5 Kf6 41. Ke4 Nf8 42. Ne3 c6 43. Nc4 $18 Ng6
44. g5+ Ke7 45. h5 Nf8 46. Ne5 Ne6 47. Nxc6+ Kd6 48. Kf5 $1 {Nicely calculated
to the end.} Ng7+ 49. Kg4 Kxc6 50. h6 Ne8 51. g6 Kd7 52. Kg5 1-0